[Event "Las Americas U1800 U16 rapid op"]
[Site "Tornelo INT"]
[Date "2023.01.14"]
[Round "3"]
[White "Ramirez Espino, Alessandro"]
[Black "Rueda Valero, Christian Alejandro"]
[Result "0-1"]
[WhiteElo "1443"]
[BlackElo "1396"]
[PlyCount "112"]
[EventDate "2023.01.14"]
[EventType "swiss (rapid)"]
[EventRounds "7"]
[EventCountry "VEN"]
[SourceTitle "CBM 212 Extra"]
[Source "ChessBase"]
[SourceDate "2023.03.31"]
[SourceVersion "1"]
[SourceVersionDate "2023.03.31"]
[SourceQuality "1"]

1. d4 c5 2. dxc5 Qa5+ 3. Nc3 Qxc5 4. Nf3 Nf6 5. Bg5 Qc7 6. a3 Nc6 7. e4 Ne5 8. Nxe5 Qxe5 9. f4 Qa5 10. Bxf6 exf6 11. b4 Qd8 12. Bd3 b6 13. 0-0 Bb7 14. Re1 Be7 15. Nd5 0-0 16. c4 Rc8 17. Qg4 Bxd5 18. exd5 Bd6 19. g3 Qc7 20. Qf5 g6 21. Qxf6 b5 22. c5 Bxc5+ 23. bxc5 Qxc5+ 24. Kh1 Qxd5+ 25. Be4 Qe6 26. Qd4 Rc4 27. Qd3 Qh3 28. Bg2 Qg4 29. h3 Qh5 30. Qxd7 Rc3 31. Kh2 Qc5 32. Rf1 Re3 33. Qc6 Qxc6 34. Bxc6 Rc8 35. Rfc1 Rd8 36. Rc2 a6 37. a4 b4 38. Rb1 b3 39. Rg2 Rdd3 40. Bb7 a5 41. Ba6 Rc3 42. Rbb2 Kf8 43. Bb5 Ke7 44. Rge2 Rxe2+ 45. Rxe2+ Kd6 46. Re1 Rc2+ 47. Kg1 b2 48. Bd3 Rc1 49. Kf2 Kc5 50. Ke2 Kb4 51. Kd2 Rxe1 52. Kxe1 Kxa4 53. Kd1 Kb3 54. Bb1 a4 55. Kd2 a3 56. Bc2+ Ka2 0-1

[Event "Las Americas U1800 U16 rapid op"]
[Site "Tornelo INT"]
[Date "2023.01.14"]
[Round "1"]
[White "Yupanqui Sucasaire, Juan Angel"]
[Black "Rueda Valero, Christian Alejandro"]
[Result "0-1"]
[WhiteElo "1181"]
[BlackElo "1396"]
[PlyCount "46"]
[EventDate "2023.01.14"]
[EventType "swiss (rapid)"]
[EventRounds "7"]
[EventCountry "VEN"]
[SourceTitle "CBM 212 Extra"]
[Source "ChessBase"]
[SourceDate "2023.03.31"]
[SourceVersion "1"]
[SourceVersionDate "2023.03.31"]
[SourceQuality "1"]

1. e4 d5 2. exd5 Qxd5 3. Nc3 Qa5 4. Nf3 c6 5. d3 Bg4 6. Be2 e6 7. Bd2 Qc7 8. 0-0 Nf6 9. h3 Bh5 10. Nh4 Bg6 11. Nxg6 hxg6 12. a4 Bc5 13. Bg5 Qg3 14. Bxf6 Rxh3 15. Be5 Qxe5 16. gxh3 Qg3+ 17. Kh1 Qxh3+ 18. Kg1 f5 19. Bf3 Bd6 20. Re1 Bh2+ 21. Kh1 Bg3+ 22. Kg1 Qh2+ 23. Kf1 Qxf2# 0-1